| 000 | 01282cam a2200337 a 4500 | ||
|---|---|---|---|
| 001 | 3058 | ||
| 005 | 20250826103406.0 | ||
| 020 | _a9780545089326 | ||
| 040 |
_aDLC _cDLC _dIG# _dBAKER _dBTCTA _dEHH _dIK2 _dEHH _dYDXCP _dDLC _beng |
||
| 050 | 0 | 0 |
_aPZ7.M78635 _b 2007 |
| 082 | 0 | 0 | _a813.6 |
| 100 | 1 | _aMoore, Julianne | |
| 245 | 1 | 0 |
_aFreckleface Strawberry / _cJulianne Moore ; illustrated by LeUyen Pham. |
| 250 | _aFirst Scholastic printing , May 2008 | ||
| 260 |
_aNew York : _bScholastic , _c2007 |
||
| 300 |
_a32 unnumbered pages : _bcolor illustrations ; _c29 cm. |
||
| 490 | _a Freckleface Strawberry | ||
| 505 | _aJ | ||
| 520 | _aFreckleface Strawberry is just like everyone else, except that she has red hair and freckles but when she tries to hide who she is, she learns about true friendship and accepting yourself just as you are. | ||
| 521 |
_a480
_bLexile |
||
| 521 |
_aJ
_bRaz-Plus |
||
| 650 | 0 |
_aFreckles _vJuvenile fiction. |
|
| 650 | 0 |
_aSelf-acceptance _vJuvenile fiction. |
|
| 650 | 0 |
_aFriendship _vJuvenile fiction. |
|
| 650 | 1 |
_aFreckles _vFiction. |
|
| 650 | 1 |
_aSelf-acceptance _vFiction. |
|
| 650 | 1 |
_aFriendship _vFiction. |
|
| 700 | 1 |
_aPham, LeUyen _eillustrator |
|
| 906 |
_a7 _bcbc _corignew _d1 _eecip _f20 _gy-gencatlg |
||
| 942 |
_2ddc _cBK _n0 |
||
| 999 |
_c3058 _d3058 |
||